<A> Planting Century: The first hundred years of the United Planter's Association of Southern India 1893-1993 (Record no. 74690)

MARC details
000 -LEADER
fixed length control field 00353nam a22001097a 4500
082 ## - DEWEY DECIMAL CLASSIFICATION NUMBER
Classification number NR:331:631.96
Item number UPA
100 ## - MAIN ENTRY--AUTHOR NAME
Personal name MUTHIAH, S
245 ## - TITLE STATEMENT
Title <A> Planting Century: The first hundred years of the United Planter's Association of Southern India 1893-1993
260 ## - PUBLICATION, DISTRIBUTION, ETC. (IMPRINT)
Name of publisher United Planters' Association of Southern India
Year of publication 1993
300 ## - PHYSICAL DESCRIPTION
Number of Pages 494p.
942 ## - ADDED ENTRY ELEMENTS (KOHA)
Koha item type Books
Holdings
Withdrawn status Lost status Damaged status Not for loan Home library Current library Date acquired Full call number Accession Number Koha item type
        RRII Library RRII Library 16/06/2022 NR:331:631.96 UPA G01656 Books